Truyện loài vật /
Tallennettuna:
| Päätekijä: | |
|---|---|
| Muut tekijät: | |
| Aineistotyyppi: | Sách giấy |
| Kieli: | Vietnamese |
| Julkaistu: |
Long An :
Long An ,
1986
|
| Tagit: |
Lisää tagi
Ei tageja, Lisää ensimmäinen tagi!
|
| Thư viện lưu trữ: | Thư viện Trường Đại học Đà Lạt |
|---|
| LEADER | 00615nam a2200253 4500 | ||
|---|---|---|---|
| 001 | DLU020018099 | ||
| 005 | ##5/25/2001 | ||
| 020 | # | # | |a 978- |
| 041 | # | # | |a vie |
| 082 | # | # | |a 813 |b TH-E |
| 100 | # | # | |a Thompson, Ernest Séton |
| 245 | # | # | |a Truyện loài vật / |c Ernest Séton Thompson; Lê Thùy Dương dịch |
| 260 | # | # | |a Long An : |b Long An , |c 1986 |
| 300 | # | # | |a 575 tr.; |c 19 cm. |
| 700 | # | # | |a Lê Thùy Dương |e dịch |
| 992 | # | # | |a 1850 |
| 994 | # | # | |a DLU |
| 900 | # | # | |a False |
| 911 | # | # | |a Administrator |
| 925 | # | # | |a G |
| 926 | # | # | |a A |
| 927 | # | # | |a SH |
| 980 | # | # | |a Thư viện Trường Đại học Đà Lạt |